[Event "AUT-chT2W 9495"]
[Site "Austria"]
[Date "1995.??.??"]
[Round "?.6"]
[White "Spiegel, Manfred"]
[Black "Tanner, Walter"]
[Result "0-1"]
[WhiteElo "1905"]
[BlackElo "1840"]
[PlyCount "122"]
[EventDate "1994.??.??"]
[EventType "team"]
[EventRounds "9"]
[EventCountry "AUT"]
[SourceTitle "EXT 1999"]
[Source "ChessBase"]
[SourceDate "1998.11.16"]
[SourceVersion "1"]
[SourceVersionDate "1998.11.16"]
[SourceQuality "1"]

1. e4 e6 2. d4 d5 3. exd5 exd5 4. Bd3 Nf6 5. Bg5 c5 6. Qe2+ Be7 7. dxc5 0-0 8. Nf3 Bxc5 9. 0-0 Bg4 10. h3 Re8 11. Bxf6 gxf6 12. Qd1 Bh5 13. Nc3 Kh8 14. Bf5 d4 15. Ne4 Bb6 16. Ng3 Bg6 17. Qd3 Nc6 18. Rae1 Ne5 19. Qb3 Kg7 20. Nh4 Qc7 21. Bd3 Re6 22. Ngf5+ Kh8 23. f4 Nxd3 24. cxd3 Rae8 25. Rxe6 fxe6 26. Qb5 Rc8 27. Nxg6+ hxg6 28. Ng3 f5 29. Ne2 a6 30. Qb3 Qd6 31. g3 Kg7 32. Kf2 Rc6 33. Ng1 e5 34. fxe5 Qxe5 35. Re1 Qc7 36. Re8 Qf7 37. Qxf7+ Kxf7 38. Re2 Bd8 39. Nf3 Bf6 40. Ne5+ Bxe5 41. Rxe5 Kf6 42. Re2 g5 43. Kf3 Rc8 44. Rh2 Re8 45. Re2 Rc8 46. Rh2 Rc1 47. Re2 Rd1 48. Rc2 Rxd3+ 49. Kf2 Ke5 50. Rc5+ Ke4 51. Rc2 f4 52. gxf4 Rxh3 53. Kg2 g4 54. Rc7 d3 55. Rxb7 Re3 56. Rb4+ Kf5 57. Kf2 Rf3+ 58. Ke1 g3 59. Rb8 g2 60. Rg8 Rf1+ 61. Kd2 g1Q 0-1

[Event "AUT-chT2W 9495"]
[Site "Austria"]
[Date "1994.??.??"]
[Round "?.6"]
[White "Spiegel, Manfred"]
[Black "Finz, H."]
[Result "1-0"]
[WhiteElo "1895"]
[BlackElo "1800"]
[PlyCount "59"]
[EventDate "1994.??.??"]
[EventType "team"]
[EventRounds "9"]
[EventCountry "AUT"]
[SourceTitle "EXT 1999"]
[Source "ChessBase"]
[SourceDate "1998.11.16"]
[SourceVersion "1"]
[SourceVersionDate "1998.11.16"]
[SourceQuality "1"]

1. e4 c6 2. c4 e6 3. Nc3 d5 4. exd5 cxd5 5. d4 Nf6 6. Nf3 Bb4 7. Bg5 Qa5 8. Bd2 Nc6 9. Bd3 dxc4 10. Bxc4 0-0 11. 0-0 a6 12. a3 Be7 13. Qe2 Qc7 14. Rac1 Rd8 15. Ne4 Nxe4 16. Qxe4 Qd6 17. Bf4 Qd7 18. Rfd1 Bf6 19. Bd3 g6 20. Ne5 Qxd4 21. Nxc6 Qxe4 22. Bxe4 Rxd1+ 23. Rxd1 bxc6 24. Bxc6 Ra7 25. Bb8 Bb7 26. Bxa7 Bxc6 27. Bd4 Be7 28. Rc1 Be8 29. Rc8 Kf8 30. Ra8 1-0